000 01996cam a22004694i 4500
003 PE-LiUPU
005 20250731184512.0
008 150617s r 000 0 d
035 _a(Sirsi) a16451
040 _aPE-LiUPU
_bspa
_cPE-LiUPU
_erda
049 _aPRUA
082 0 4 _a901
_bS238h
_223
100 1 _aSanz, Víctor,
_d1917- ,
_eautor.
245 1 3 _aLa historia y el futuro /
_cVíctor Sanz.
264 1 _aMontevideo :
_bUniversidad de la República, Facultad de Humanidades y Ciencias,
_c1962.
300 _a292 páginas ;
_c24 centímetros.
336 _atext
_2rdacontent
337 _aunmediated
_2rdamedia
338 _avolume
_2rdacarrier
504 _aIncluye bibliografía.
505 0 _aLa previsión del futuro a través de los tiempos -- Las ciencias naturales y la historia -- El pasado inasequible -- Testigos y testimonios -- El hombre como factor histórico -- El individuo en la historia -- La obra del azar y el margen del tiempo -- Cambio, continuidad y repetición histórica -- Los factores unificantes -- Las escalas "macroscópica" y "microscópica" de la previsión -- Los distintos márgenes y sentidos de la previsión -- Un ejemplo: la emancipación de los esclavos -- Conclusiones y vislumbres -- La guerra y otros problemas de cara al futuro.
526 _aP136
526 _aP135
526 _aP134
526 _aP133
526 _aP144
526 _aP143
526 _aP87
526 _aP35
526 _aP20
526 _aP14
526 _aP10
526 _aP06
650 0 4 _aHistoria
_xFilosofía.
910 _ajck
942 _2ddc
_cBK
_n0
949 _a901 S238h
_wDEWEY
_c1
_i07339
_lCCODEBUL1
_mBUL
_r0
_sY
_tBOOK
_u19790604
_xEDUCACION
_zUNKNOWN
_0COMPRA
_o.STAFF. Colección General
949 _a901 S21
_wDEWEY
_c2
_i16494
_lCCODEBUL1
_mBUL
_r0
_sY
_tBOOK
_u19790604
_xEDUCACION
_zUNKNOWN
_0COMPRA
_o.STAFF. Colección General
980 _81
_gALBERTO SANCHEZ Responsable de Automatización
999 _c13317
_d13317